| 000 | 01044nam a22003257a 4500 | ||
|---|---|---|---|
| 001 | 0001197 | ||
| 003 | KOHA_MİRAKIL | ||
| 005 | 20260207001233.0 | ||
| 007 | ta | ||
| 008 | 081212b2002 tu |||gr||||#||||0|tur | | ||
| 020 |
_a9752971016 _cYTL25,69 |
||
| 040 |
_aTR-BiSEU _btur _cTR-BiSEU _erda |
||
| 041 | 0 | _atur | |
| 044 | _ctu | ||
| 050 |
_aQA76.73.C15 _bW75 2002 |
||
| 100 | 1 | _aWright, Charles. | |
| 245 | 1 |
_aC programlama kılavuzu/ _cCharles Wright ; Charles Wright; çeviren Gökçe İmren Kamburoğlu; editörSelçuk Tüzel. |
|
| 264 | 1 |
_aİstanbul : _bAlfa Yayınları _c2002 |
|
| 300 | _aXVII, 530 sayfa | ||
| 336 |
_ametin _btxt _2rdacontent |
||
| 337 |
_aaracısız _bn _2rdamedia |
||
| 338 |
_acilt _bnc _2rdacarrier |
||
| 490 | 1 |
_aAlfa yayınları ; _v1163. |
|
| 490 | 1 |
_aBilgisayar Dizi ; _vNo 222. |
|
| 650 | 0 |
_aC++ (Bilgisayar program dili). _92761 |
|
| 650 | 0 |
_aC++ (Computer program language). _91542 |
|
| 830 | 1 |
_aAlfa yayınları ; _v1163. _93219 |
|
| 830 | 1 |
_aBilgisayar Dizi ; _vNo 222. _94163 |
|
| 942 |
_2lcc _cBK |
||
| 999 |
_c1191 _d1191 |
||